1. Uluslararası Mehmet Akif Ersoy Sempozyumu (Kayıt no. 5283)

MARC ayrıntıları
000 -BAŞLIK
Sabit Uzunlukta Kontrol Alanı 01094na a2200301 4500
001 - KONTROL NUMARASI
Denetim Alanı 14036
003 - KONTROL NUMARASI IDENTIFIER
Denetim Alanı MIRAKIL
005 - SON İŞLEM TARİHİ VE ZAMANI
Denetim Alanı 20181213155032.0
008 - SABİT-BOY VERİ ELEMANLARI - GENEL BİLGİLER
Sabit Uzunlukta Kontrol Alanı 161025b tu 000 0
020 ## - ULUSLARARASI STANDART KİTAP NUMARASI
Uluslararası Standart Kitap Numarası 9789944729031
035 ## - SİSTEM KONTROL NUMARASI
Sistem Kontrol Numarası 14036
040 ## - KATALOGLAMA KAYNAK
Orijinal Kataloglama Ajansı Milas
Kataloglama Dili tur
Metne Dönüştürmek Ajansı TR-AnCHP
041 ## - DİL KODU
Metin / Ses Parça Veya Ayrı Başlığın Dil Kodu tur
082 ## - DEWEY ONLU SINIFLANDIRMA NUMARASI
Sınıflandırma Numarası 928.94335
Ürün Numarası U48b 2008
090 ## - SINIFLAMA NUMARASI
Sınıflama Numarası 928.94335 U48b 2008
111 ## - ANA GİRİŞ - TOPLANTI ADI
Giriş Elemanı Olarak Toplantı Adı Veya Yargı Alanı Adı Uluslararası Mehmet Akif Ersoy Sempozyumu
Toplantının Yeri Burdur
Toplantı Veya Antlaşma İmzalandığı Tarihi 2008
Bölüm / Bölüm / Toplantı Sayısı 1.
245 ## - BAŞLIK TABLOSU
Başlık 1. Uluslararası Mehmet Akif Ersoy Sempozyumu
Başlığın Kalan 19-21 Kasım 2008, Burdur
Sorumluluk Tablosu, Vb editörler Gökay Yıldız...
260 ## - YAYIN, DAĞITIM, VB
Yayın, Dağıtım, Vb Yeri Ankara
Yayıncı, Dağıtıcı, Vs Adı Başbakanlık Tanıtma Fonu
Yayın, Dağıtım, Vb Tarihi 2009
Üretici Firma Desen Ofset
300 ## - FİZİKSEL TANIM
Kapsam 2 c.
Boyutlar 30 sm.
490 ## - SERİSİ TABLOSU
Seri Beyanı Mehmet Akif Ersoy Üniversitesi Rektörlüğü sempozyumu dizisi
Hacim / Ardışık Tanımı 2
504 ## - KAYNAKÇA VB NOT
Kaynakça Vb Notu Kaynakça ve dizin var.
600 ## - KONU KATMA GİRİŞ - KURUMSAL ADI
Kişisel Ad Ersoy, Mehmet Akif
Genel Alt Bölümü Siyasal ve sosyal görüşler
Kronolojik Alt Bölümü Araştırma ve inceleme
600 ## - KONU KATMA GİRİŞ - KURUMSAL ADI
Kişisel Ad Ersoy, Mehmet Akif
Bir Adıyla İlişkilendirilen Tarihler 1873-1936
Genel Alt Bölümü Toplantılar
650 ## - KONU KATMA GİRİŞ - TOPİKAL DÖNEM
Topikal Süreli Veya Coğrafi Ad Giriş Elemanı Türk edebiyatçılar
Genel Alt Bölümü Araştırma ve inceleme
Kronolojik Alt Bölümü Toplantılar
650 ## - KONU KATMA GİRİŞ - TOPİKAL DÖNEM
Topikal Süreli Veya Coğrafi Ad Giriş Elemanı Türk yazarlar
700 ## - KATMA GİRİŞ - KİŞİSEL İSİM
Kişisel Ad Yıldız, Gökay
942 ## - EKLENDİ GİRİŞ ELEMANLARI (KOHA)
Sınıflandırma Veya Raf Düzeni Kaynak Dewey Decimal Classification
Koha Öğesi Türü Kitaplar
999 ## - SİSTEM KONTROL NUMARALARI (KOHA)
Koha Biblionumber 5283
Koha Biblioitemnumber 5283
Mevcut
Kalıcı Konum Mevcut Konum Edinme Tarihi Edinim Kaynak Toplam Check-Out'Lar Tam Çağrı Numarası Barkod Tarih Son Görülme İtibaren Geçerli Fiyatlar Koha Öğesi Türü
CHP Kütüphanesi CHP Kütüphanesi 08/23/2016 Bağış   928.94335 U48b 2008 001395 08/23/2016 08/23/2016 Kitaplar
CHP Kütüphanesi CHP Kütüphanesi 08/23/2016 Bağış   928.94335 U48b 2008 001396 08/23/2016 08/23/2016 Kitaplar